01349nam a2200313 a 450000100100000000500170001000800410002702000150006804000130008308200150009610000410011124502180015226000720037030000210044249000400046350000440050350000490054750400330059665000440062965000230067365000450069670000360074170000320077783000470080991000370085604900090089395201180090299900150102000000544420251112115145.0090819s1989 es 001 0bspa d a8400069781 aDO-SdBNP a980bL864v1 aLopez Medel, Tomasd1509-158291546410aVisita de la gobernación de Popayan :blibro de tributos (1558-1559) /cTomas Lopez Medel ; edición Berta Ares Queija; estudio preliminiar y transcripción Berta Ares Queija ; preámbulo Francisco de Solano. aMadrid, :bConsejo Superior de Investigacioes Científicas,c1989. a325 p. ;c24 cm.1 aTierra nueva e cielo nuevo ;vv. 29 aIncluye notas al pié de las páginas aV centenario del descubrimiento de Améirca aBibliografía : p. lvii-lix 0aIndígenas de América del Sur 96752 4aEncomiendas915465 4aTrato a los indígenaszColombia91546612aAres Queija, Berta,eed.91546712aSolano, Francisco de915306 0aTierra nueva e cielo nuevo ;nv. 29915468 aValidado. Control de calidad MFF aBNGR 001054708MOaGRbGRcCTd2009-08-19iLF1l0o980 L864vp5444-10r2020-06-25w2020-06-25y4ZPréstamo en sala c5244d5244